| 000 | 00365nam a2200157Ia 4500 | ||
|---|---|---|---|
| 003 | OSt | ||
| 005 | 20240219154558.0 | ||
| 008 | 170524s9999 xx 000 0 und d | ||
| 020 | _a 978-0071008945 | ||
| 040 | _cIIMT UNIVERSITY MEERUT | ||
| 100 | _aRich Elane | ||
| 245 | 0 | _aArtificial Intelligence | |
| 260 | _bTMH New Delhi | ||
| 260 | _c2007 | ||
| 942 |
_2ddc _c02 |
||
| 999 |
_c4959 _d4959 |
||